Sefer Tifʼeret Yiʹsraʼel ... (Record no. 34039)

MARC details
000 -LEADER
fixed length control field 00888cam a22002411 4500
001 - CONTROL NUMBER
control field he 68003992
003 - CONTROL NUMBER IDENTIFIER
control field DLC
005 - DATE AND TIME OF LATEST TRANSACTION
control field 20260227111507.0
008 - FIXED-LENGTH DATA ELEMENTS--GENERAL INFORMATION
fixed length control field 960703r19641904is 000 0 hebr
010 ## - LIBRARY OF CONGRESS CONTROL NUMBER
LC control number he 68003992
025 ## - OVERSEAS ACQUISITION NUMBER
Overseas acquisition number PL480:Is-4431
035 ## - SYSTEM CONTROL NUMBER
System control number (OCoLC)35028746
040 ## - CATALOGING SOURCE
Original cataloging agency DLC
Transcribing agency CLU
Modifying agency CLU
-- DLC
042 ## - AUTHENTICATION CODE
Authentication code premarc
050 00 - LIBRARY OF CONGRESS CALL NUMBER
Classification number BS1225
Item number .I723 1964
100 0# - MAIN ENTRY--PERSONAL NAME
Personal name Yiśraʼel,
Titles and words associated with a name mi-Ṭshorṭḳov,
Dates associated with a name 1854-1934.
245 00 - TITLE STATEMENT
Title Sefer Tifʼeret Yiʹsraʼel ...
Statement of responsibility, etc. ʼAmarot Ṭehorot ... Sheyatsʼu mipe Kadosh ... Yiʹsraʼel Ben David Moshe Miṭshaʼrtkov. Huvaʼ Lebeyt hadfus ʻAl Yede Yiʹsraʼel Raʼpaʼpoʼrṭ. Veʻata Yotseh Laʼor meḥadash.
260 ## - PUBLICATION, DISTRIBUTION, ETC.
Place of publication, distribution, etc. Yerushalayim,
Name of publisher, distributor, etc. ʼA.Y. Fridman,
Date of publication, distribution, etc. 725 [1964 or 5]
300 ## - PHYSICAL DESCRIPTION
Extent 63 l.
Dimensions 25 cm.
500 ## - GENERAL NOTE
General note Reprint of Husiatyn, 1904 ed.
630 00 - SUBJECT ADDED ENTRY--UNIFORM TITLE
Uniform title Bible.
Name of part/section of a work Pentateuch
General subdivision Commentaries.
740 0# - ADDED ENTRY--UNCONTROLLED RELATED/ANALYTICAL TITLE
Uncontrolled related/analytical title Tifeʹret Yisrael.

No items available.

Powered by Koha